Konštruktívne heuristické algoritmy a ich využitie v procese rozvrhovania výroby

Saved in:
Bibliographic Details
Main Author: Horváthová, Miroslava
Format: Book Chapter
Language:Slovak
Subjects:
Tags: Add Tag
No Tags, Be the first to tag this record!

MARC

LEADER 00000naa$a2200000$$$4500
001 0272697
005 20240502074311.6
041 0 |a slo 
044 |a SK 
245 1 0 |a Konštruktívne heuristické algoritmy a ich využitie v procese rozvrhovania výroby  |c Miroslava Horváthová 
500 |a abstrakt 
610 2 0 |a algoritmy 
610 2 0 |a proces výrobný 
610 2 0 |a rozhodovanie 
100 1 |a Horváthová, Miroslava